Justin Bieber Songs - Sudden Death - Statistics

General Stats
  • This quiz has been taken 2,113 times
  • The average score is 4 of 15
Answers on the Grid
Answers color-coded by a green-red scale on the quiz's grid according to % correct below.
Girlfriend
Holy
Lose Yourself
Purpose
Friends
Let Me Hold You
Beauty and the Beast
All That Matters
Get Me
Treat You Better
Lonely
My World
Confident
Shape of You
Justice
Believe
Mistletoe
I'll Show You
Hold Up
One Less Lonely Boy
Stay With Me
One Time
Story of My Life
Warm Water
Grenade
Love Me
Ghost
Without You
Eenie Meenie
Mark My Words
 
Answer Stats
Answer % Correct
Holy
50%
Purpose
48%
Mistletoe
35%
Eenie Meenie
31%
Ghost
27%
Confident
26%
Friends
26%
Lonely
25%
Believe
22%
All That Matters
19%
Love Me
19%
One Time
19%
I'll Show You
9%
Mark My Words
9%
Get Me
6%
No matching quizzes found
Score Distribution
Percent of People with Each Score
Percentile by Number Answered
Your Score History
You have not taken this quiz